10 Highest English Counties - Statistics

General Stats
  • This quiz has been taken 31 times
  • The average score is 7 of 10
Answer Stats
high peak county % Correct
1 Scafell Pike Cumbria
89%
2 The Cheviot Northumberland
85%
4 Whernside North Yorkshire
81%
6 Kinder Scout Derbyshire
78%
7 Gragareth Lancashire
74%
9 Black Hill West Yorkshire
70%
3 Mickle Fell Durham
59%
10 Shining Tor Cheshire
44%
8 High Willhays Devon
44%
5 Black Mountain Herefordshire
30%
No matching quizzes found
Score Distribution
Percent of People with Each Score
Percentile by Number Answered
Your Score History
You have not taken this quiz